Biblioteka Instytutu Północnego w Olsztynie

Widok standardowy Widok MARC

Pozycja Topical Term

Liczba rekordów, w których użyto hasła: 1

001 - Numer kontrolny

  • control field: 40862

003 - Identyfikator numeru kontrolnego

  • control field: NUKAT

005 - Data i czas ostatniej modyfikacji

  • control field: 20260429121601.0

008 - Dane kontrolne kodowane (40 znaków)

  • fixed length control field: 180518n||azznnbabn |a ana |

010 ## - Numer kontrolny Biblioteki Kongresu

  • numer kontrolny LC: p 2018130643

035 ## - Numer systemowy

  • numer systemowy: a37742176

035 ## - Numer systemowy

  • numer systemowy: (PL)a0000003774217

040 ## - Instytucja sporządzająca rekord

  • inst. przygot. dane do rek. khw: WA N
  • język haseł przedmiotowych/tezaurus: DBN
  • inst. wprow. rek. khw: WA N

045 2# - Okres czasu dla hasła

  • okr. czasu od 9999 pne do n.e.: d1960
  • okr. czasu od 9999 pne do n.e.: d1966

072 ## - Kod kategorii przedmiotu

  • kod kategorii przedmiotu: 13

150 ## - Hasło - nazwa pospolita

  • nazwa posp. lub nazwa geogr. na pocz.: Tysiąclecie Państwa Polskiego (1960-1966)

450 ## - Trop zob. - nazwa pospolita

  • nazwa posp. lub nazwa geogr. na pocz.: Jubileusz Tysiąclecia Państwa Polskiego

450 ## - Trop zob. - nazwa pospolita

  • nazwa posp. lub nazwa geogr. na pocz.: Obchody jubileuszu Tysiąclecia Państwa Polskiego

450 ## - Trop zob. - nazwa pospolita

  • nazwa posp. lub nazwa geogr. na pocz.: Obchody Tysiąclecia Państwa Polskiego

511 2# - Trop zob. też - nazwa imprezy

  • nazwa impr. lub nazwa geogr. na pocz.: Kongres Kultury Polskiej
  • data imprezy: (1966 ;
  • miejsce imprezy: Warszawa)

511 2# - Trop zob. też - nazwa imprezy

  • nazwa impr. lub nazwa geogr. na pocz.: Rok Ziemi Kieleckiej

550 ## - Trop zob. też - nazwa pospolita

  • podpole kontrolne: g
  • nazwa posp. lub nazwa geogr. na pocz.: Rocznice

550 ## - Trop zob. też - nazwa pospolita

  • nazwa posp. lub nazwa geogr. na pocz.: Badania milenijne

550 ## - Trop zob. też - nazwa pospolita

  • nazwa posp. lub nazwa geogr. na pocz.: Podziemna Trasa Turystyczna im. 1000-lecia Państwa Polskiego (Kłodzko)

550 ## - Trop zob. też - nazwa pospolita

  • nazwa posp. lub nazwa geogr. na pocz.: Szkoły Tysiąclecia

550 ## - Trop zob. też - nazwa pospolita

  • nazwa posp. lub nazwa geogr. na pocz.: Tysiąclecie chrztu Polski (1966)

551 ## - Trop zob. też - nazwa geograficzna

  • nazwa geograficzna: Polska
Biblioteka Instytutu Północnego, ul. Partyzantów 87, 10-402 Olsztyn, email: biblioteka(at)ip.olsztyn.pl